000 00692nam a2200217 a 4500
999 _c7966
_d7966
001 7966
003 BD-JhCC
005 20180217094130.0
008 180217s2009 bg |||| || | 000 0 ben d
035 _a(BD-JhCC)7966
040 _aBD-JhCC
_dBD-JhCC
041 _aben
082 _a338.90091724
_bSEL 2009
100 _aসেলিম, মিয়া মুহম্মদ
245 _aসামাজিক উন্নয়ন কৌশল /
_cমিয়া মুহম্মদ সেলিম,
260 _aঢাকা :
_bবাংলা একাডেমী,
_c2009
300 _a735 p. :
_c22 cm.
650 _aDeveloping Countries
942 _2ddc
_cBK